| 000 | 00970nam a2200241 4500 | ||
|---|---|---|---|
| 005 | 20251008104725.0 | ||
| 008 | 251008b |||||||| |||| 00| 0 eng d | ||
| 020 | _a9786214271559 | ||
| 082 | _aDFil 658.300285 B220 2023 | ||
| 100 |
_aBanaag, Francis B. _968682 |
||
| 245 |
_aHuman resource information system / _cFrancis B. Banaag [and four others]. |
||
| 260 |
_aManila : _bUnlimited Books Library Services & Publishing Inc., _c©2023. |
||
| 300 |
_ax, 165 pages : _billustrations ; _c22 cm. |
||
| 500 | _aIncludes references. | ||
| 650 | 0 |
_aPersonnel management _xData processing. _968683 |
|
| 650 | 0 |
_aPersonnel management _xTechnological innovations. _968684 |
|
| 650 | 0 |
_aManagement information systems. _968685 |
|
| 700 |
_aDe la Cruz, Michael L., _eauthor. _968686 |
||
| 700 |
_aDucut, Rodolfo L., _eauthor. _968687 |
||
| 700 |
_aGunda, Maria Belen R., _eauthor. _968688 |
||
| 700 |
_aMontoya, Rome Sherriff G., _eauthor. _968689 |
||
| 942 |
_2ddc _cDFIL |
||
| 999 |
_c24023 _d24023 |
||